000 00624cam a2200181 i 4500
005 20251117093116.0
008 250721s2006 jo gr 000 0 ara d
082 1 4 _a210.423712
_bش ح ا
100 1 _aشحادة، محمد نور الدين
_eمؤلف.
245 1 0 _aالعملاء كما يصورهم القرآن الكريم /
_cالعميد محمد نور الدين شحادة.
264 3 1 _aعمان :
_bشحادة،
_c2006.
300 _a237 صفحة.
650 1 7 _aالجاسوسية.
650 1 7 _aالجواسيس.
650 1 7 _aالمخابرات.
942 _2ddc
_cBK
999 _c102236
_d102236